Wakfu - Personnages: Les Protecteurs des Mois - Statistiques

Statistiques générales
  • Ce quiz a été pris 27 fois
  • Le résultat moyen est 5 sur 14
Statistiques - réponses
Par images Hint Réponse % Correct
Actuel Jiva
92%
Actuel Djaul
80%
Actuel Brumaire
36%
Actuel Hécate
36%
Actuel Raval
36%
Actuel Silvosse
36%
Actuel Sumens
36%
Actuel Rosal
32%
Ancien Solar
32%
Actuel Silouate
28%
Actuel Maïmane
24%
Actuel Pouchecot
24%
Actuel Ulgrude
24%
Ancien protecteur du mois de Martalo, c'était un Centaure Ménalt
20%
Aucun quiz correspondant
Distribution des résultats
% des personnes avec chaque résultat
Percentile par nombre de réponses
Votre historique - résultats
Vous n’avez pas pris ce quiz